| 000 | 00705nam a22002052 4500 | ||
|---|---|---|---|
| 001 | 0000025307 | ||
| 005 | 20151021153304.0 | ||
| 008 | 150615s xx 000 0 eng d | ||
| 040 |
_aKABU _cKABU |
||
| 100 | 1 |
_aSalim, M. Mwavunga. _@0000185873 |
|
| 245 | 1 | 0 |
_aEffects of diversification strategies on performance of travel agencies in Kenya / _cby Julia M. M. Salim. |
| 260 |
_aNakuru : _bKabarak University, _c2014. |
||
| 300 | _axi, 63 p. | ||
| 650 | 0 |
_aTravel time _zKenya. _@0000185874 |
|
| 650 | 0 |
_atraffic engineering _zKenya. _@0000185875 |
|
| 700 | 1 |
_aOgollah, Kennedy. _@0000185876 |
|
| 908 | _a150615 | ||
| 950 | _@1 | ||
| 999 |
_c1800 _d1800 |
||